Komplex környezetvédelmi felelősségtan

Elmentve itt :
Bibliográfiai részletek
Szerző: Julesz Máté
Adatforrás:Philobibl
Forrásdokumentuma:Társadalomkutatás
2011:3. p. 303-314.
Dokumentumtípus: Cikk
Nyelv:magyar
Kulcsszavak:környezetvédelem
környezetjog
környezetfilozófia
környezetetika
felelősség
LEADER 00496nab a2200169 c 4500
001 bibPHI0043773
005 20200924125157.8
008 101125s2011 hu hun
035 |a human/philobibl/43769 
100 1 |a Julesz Máté 
245 1 0 |a Komplex környezetvédelmi felelősségtan  |c Julesz Máté 
695 |a környezetvédelem 
695 |a környezetjog 
695 |a környezetfilozófia 
695 |a környezetetika 
695 |a felelősség 
773 0 |t Társadalomkutatás  |g 2011:3. p. 303-314.